[Event "Frauenbundesliga 2018/2019"]
[Site "St.Veit/Glan Fuchspalast & Blumenhalle; Jenbach Veranstaltungszentrum"]
[Date "2019.03.31"]
[Round "7"]
[Board "3"]
[White "Hackbarth, Christa"]
[Black "Kordzadze, Nino"]
[Result "0-1"]
[WhiteElo "1774"]
[BlackElo "1977"]
[PlyCount "109"]
[EventDate "2018.11.17"]
[EventType "team"]
[EventRounds "7"]
[EventCountry "AUT"]
[WhiteTeam "Spg Steyr"]
[BlackTeam "SK Advisory Invest Baden"]

1. d4 f5 2. Nf3 Nf6 3. Bf4 g6 4. e3 Bg7 5. Bc4 d5 6. Bd3 O-O 7. c4 e6 8. Nc3 c6
9. Rc1 Nbd7 10. h3 Ne4 11. b4 g5 12. Bxe4 gxf4 13. Bd3 fxe3 14. fxe3 dxc4 15.
Bxc4 Nb6 16. Bd3 Qd6 17. Qb3 Kh8 18. O-O Bd7 19. a4 Bf6 20. a5 Nd5 21. Nxd5
cxd5 22. Rc2 Rg8 23. Kh1 Rg3 24. Qb2 Rag8 25. Re1 Be8 26. Qc3 Bh5 27. Ne5 Bh4
28. Be2 Be8 29. Rec1 Qe7 30. Qc7 Qg5 31. Bb5 Bh5 32. Be2 Be8 33. Bb5 Rxg2 34.
Nf3 Rxc2 35. Rxc2 Qg3 36. Qxg3 Bxg3 37. Bxe8 Rxe8 38. Kg2 Bd6 39. b5 Kg7 40.
Kf2 Kf6 41. Ke2 Rg8 42. Kf2 Rg7 43. Rc8 Rc7 44. Rxc7 Bxc7 45. a6 bxa6 46. bxa6
e5 47. Nd2 exd4 48. exd4 f4 49. Kf3 Kf5 50. Nb3 Bb6 51. Nc5 Bxc5 52. dxc5 Ke5
53. h4 d4 54. h5 d3 55. h6  0-1

[Event "Frauenbundesliga 2018/2019"]
[Site "St.Veit/Glan Fuchspalast & Blumenhalle; Jenbach Veranstaltungszentrum"]
[Date "2019.03.31"]
[Round "7"]
[Board "4"]
[White "Molnar, Monika"]
[Black "Bernhard, Julia"]
[Result "1/2-1/2"]
[WhiteElo "1770"]
[BlackElo "1821"]
[PlyCount "109"]
[EventDate "2018.11.17"]
[EventType "team"]
[EventRounds "7"]
[EventCountry "AUT"]
[WhiteTeam "SK Advisory Invest Baden"]
[BlackTeam "Spg Steyr"]

1. e4 e5 2. Nf3 Nc6 3. d4 exd4 4. Nxd4 Bc5 5. Be3 Qf6 6. c3 Nge7 7. Be2 a6 8.
O-O d6 9. Nxc6 Nxc6 10. Bxc5 dxc5 11. Qd5 Qe7 12. Nd2 Be6 13. Qh5 g6 14. Qh6
O-O-O 15. Qe3 h5 16. f4 Bg4 17. Nf3 f6 18. h3 Bd7 19. Rad1 Rdg8 20. Bc4 Rg7 21.
Qe2 Nb8 22. e5 fxe5 23. Qxe5 Nc6 24. Qg5 b5 25. Bd5 Qxg5 26. Nxg5 Ne7 27. Ne6
Nxd5 28. Nxg7 Ne3 29. Rxd7 Kxd7 30. Re1 Nc4 31. b3 Nd6 32. Ne6 Kc6 33. Ng5 Rf8
34. g3 Nf5 35. Kf2 Rd8 36. Re2 Rd3 37. g4 hxg4 38. hxg4 Nh6 39. Re6+ Kb7 40.
Rxg6 Nxg4+ 41. Ke2 Rxc3 42. Kd2 Rg3 43. Ne4 Rg2+ 44. Ke1 c4 45. Nc5+ Kc8 46.
bxc4 bxc4 47. Nxa6 Kb7 48. Nc5+ Ka7 49. Ra6+ Kb8 50. Rg6 c3 51. Nb3 c2 52. f5
Kc8 53. f6 Kd8 54. Rg7 Ke8 55. Rxc7  1/2-1/2

[Event "Frauenbundesliga 2018/2019"]
[Site "St.Veit/Glan Fuchspalast & Blumenhalle; Jenbach Veranstaltungszentrum"]
[Date "2019.03.31"]
[Round "7"]
[Board "1"]
[White "Novkovic, Julia"]
[Black "Fuchs, Judith"]
[Result "1/2-1/2"]
[WhiteElo "2107"]
[BlackElo "2256"]
[PlyCount "78"]
[EventDate "2018.11.17"]
[EventType "team"]
[EventRounds "7"]
[EventCountry "AUT"]
[WhiteTeam "SK Dornbirn"]
[BlackTeam "SK Mayrhofen/Zell/Zillertal"]

1. e4 c5 2. Nc3 d6 3. g3 Nc6 4. Bg2 g6 5. d3 Bg7 6. Be3 Nh6 7. h3 f5 8. Qd2 Nf7
9. Nf3 Nd4 10. Rb1 Bd7 11. Nh2 Bc6 12. O-O O-O 13. Nd5 e5 14. c4 Qd7 15. b4
Bxd5 16. exd5 b6 17. Rfe1 Rae8 18. Qd1 f4 19. Bxd4 fxg3 20. fxg3 exd4 21. bxc5
bxc5 22. Qg4 Qa4 23. Re6 Qxa2 24. Rf1 Nh6 25. Qe4 Rd8 26. g4 Rxf1+ 27. Bxf1 Rf8
28. Rxd6 Qf2+ 29. Kh1 Nf7 30. Rd7 Ng5 31. Qe7 Bf6 32. Qe2 Qxe2 33. Bxe2 Nxh3
34. Bf1 Nf2+ 35. Kg2 Be5 36. Nf3 Nxg4 37. Nxe5 Ne3+ 38. Kh3 Rxf1 39. Rc7 Rh1+
 1/2-1/2

[Event "Frauenbundesliga 2018/2019"]
[Site "St.Veit/Glan Fuchspalast & Blumenhalle; Jenbach Veranstaltungszentrum"]
[Date "2019.03.31"]
[Round "7"]
[Board "2"]
[White "Schnegg, Anna-Lena"]
[Black "Karner, Sylvia"]
[Result "1-0"]
[WhiteElo "2238"]
[BlackElo "1667"]
[PlyCount "67"]
[EventDate "2018.11.17"]
[EventType "team"]
[EventRounds "7"]
[EventCountry "AUT"]
[WhiteTeam "SK Mayrhofen/Zell/Zillertal"]
[BlackTeam "SK Dornbirn"]

1. g3 Nf6 2. Bg2 g6 3. c4 c6 4. e4 d5 5. cxd5 cxd5 6. e5 Nfd7 7. d4 e6 8. h4
Bg7 9. h5 f6 10. hxg6 hxg6 11. Rxh8+ Bxh8 12. Qg4 Nf8 13. f4 f5 14. Qe2 Nc6 15.
Nf3 Bd7 16. Nc3 a6 17. Be3 Qe7 18. Kf2 O-O-O 19. Na4 Kb8 20. Nc5 Rc8 21. Rb1
Na5 22. Bd2 Bb5 23. Qe1 Rxc5 24. dxc5 Qxc5+ 25. Qe3 Qxe3+ 26. Bxe3 Nc6 27. Bc5
Bg7 28. Ng5 Nd8 29. Rc1 Bc6 30. Bf1 Kc7 31. Be7 Kd7 32. Bxd8 Kxd8 33. Bxa6 Ke7
34. b4  1-0

[Event "Frauenbundesliga 2018/2019"]
[Site "St.Veit/Glan Fuchspalast & Blumenhalle; Jenbach Veranstaltungszentrum"]
[Date "2019.03.31"]
[Round "7"]
[Board "3"]
[White "Pribozic, Sabrina"]
[Black "Mayrhuber, Nikola"]
[Result "0-1"]
[WhiteElo "1520"]
[BlackElo "1983"]
[PlyCount "84"]
[EventDate "2018.11.17"]
[EventType "team"]
[EventRounds "7"]
[EventCountry "AUT"]
[WhiteTeam "SK Dornbirn"]
[BlackTeam "SK Mayrhofen/Zell/Zillertal"]

1. d4 d5 2. Nf3 Nf6 3. e3 c5 4. b3 e6 5. Bb2 Nc6 6. a3 Bd6 7. Bd3 O-O 8. O-O b6
9. Nbd2 Bb7 10. Ne5 Rc8 11. f4 Ne7 12. Rc1 Ne4 13. c4 Nf5 14. Qe2 Be7 15. cxd5
exd5 16. Rf3 Rc7 17. Rh3 h6 18. g4 Nh4 19. Nf1 Qc8 20. Qe1 f6 21. Bxe4 dxe4 22.
Rxh4 fxe5 23. Rh3 exf4 24. exf4 Qxg4+ 25. Rg3 Qxf4 26. Qe2 Bh4 27. Rg2 e3 28.
Qc4+ Kh8 29. d5 Bf2+ 30. Kh1 Qxc4 31. bxc4 e2 32. Bc3 Bc8 33. Rxf2 Rxf2 34. Ng3
Bh3 35. Rg1 Re7 36. Be1 Rf1 37. a4 Ref7 38. Nxe2 Re7 39. d6 Rxe2 40. Rxf1 Bxf1
41. d7 Bg2+ 42. Kg1 Rxe1+  0-1

[Event "Frauenbundesliga 2018/2019"]
[Site "St.Veit/Glan Fuchspalast & Blumenhalle; Jenbach Veranstaltungszentrum"]
[Date "2019.03.31"]
[Round "7"]
[Board "4"]
[White "Wu, Min"]
[Black "Bas, Aydan"]
[Result "1-0"]
[WhiteElo "1924"]
[BlackElo "1486"]
[PlyCount "67"]
[EventDate "2018.11.17"]
[EventType "team"]
[EventRounds "7"]
[EventCountry "AUT"]
[WhiteTeam "SK Mayrhofen/Zell/Zillertal"]
[BlackTeam "SK Dornbirn"]

1. e4 g6 2. d4 d6 3. Nc3 Bg7 4. Be3 Nf6 5. Qd2 Nc6 6. d5 Ne5 7. h3 Ned7 8. Bh6
O-O 9. Bxg7 Kxg7 10. O-O-O e5 11. dxe6 fxe6 12. g4 e5 13. Bd3 a6 14. Nge2 b5
15. f4 Bb7 16. Rhf1 Nc5 17. Ng3 b4 18. Nce2 Nfxe4 19. Nxe4 Nxe4 20. Qxb4 Nc5
21. Bc4 Bg2 22. Rg1 Bxh3 23. Qc3 Qh4 24. fxe5 Qg5+ 25. Kb1 dxe5 26. Qxh3 e4 27.
Rd5 Qe7 28. Rh1 h5 29. gxh5 Rf3 30. Qg2 Qf6 31. Rxc5 c6 32. Rg5 Kh7 33. hxg6+
Kg7 34. Rh7+  1-0